Associez ces chansons à leurs rappeurs américains - Statistiques

Statistiques générales
  • Ce quiz a été pris 1 205 fois
  • Le résultat moyen est 8 sur 16
Statistiques - réponses
Hint Réponse % Correct
Moonlight XXXTENTACION
85%
HUMBLE. Kendrick Lamar
80%
Gucci Gang Lil Pump
70%
BUTTERFLY EFFECT Travis Scott
68%
P.I.M.P 50 Cent
60%
Black and Yellow Wiz Khalifa
58%
It Was A Good Day Ice Cube
53%
Just Wanna Rock Lil Uzi Vert
49%
Better Now Post Malone
48%
Do for Love 2pac
44%
Drip Too Hard Lil Baby
44%
Nice for what Drake
38%
Cleanin' Out My Closet Eminem
36%
Save That Shit Lil Peep
36%
The Message Nas
36%
Gin and Juice Snoop Dogg
31%
Aucun quiz correspondant
Distribution des résultats
% des personnes avec chaque résultat
Percentile par nombre de réponses
Votre historique - résultats
Vous n’avez pas pris ce quiz